| 000 | 01641nam a22001577a 4500 | ||
|---|---|---|---|
| 082 | _a621 | ||
| 100 |
_aLatif, Rehman _9119701 |
||
| 245 |
_aDevelop a technique for the inspection of piston profile and measure piston skirt diameter / _cRehman Latif |
||
| 264 |
_aIslamabad : _bSMME- NUST; _c2023. |
||
| 300 |
_a44p. _bSoft Copy _c30cm |
||
| 520 | _aThe purpose of this project is to design and fabricate a Piston Inspection Machine. It serves as a proof of concept for later versions to be designed for Tractor OEM. The machine will be able to evaluate the piston profile and measure Diameter of Piston Skirt. The profile is measured by Holding the piston using a U-block mechanism that takes the readings over defined intervals. The LVDT sensor is utilized to take the readings with an accuracy of in microns. The accuracy and precision requirements are specified by the manufacturing drawings providedby the OEM. The design of machine components is dictated by the dimensional constraints rather than stress and loading conditions since most components are stationary and have light in weight components to hold. The design is optimized to take readings along the length of the skirt to measure its profile by evaluating the diameter at specific points. It is mainly due to innovative arrangement that allows point contact at the length of piston skirt surface and has not been seen in precision measurement industry | ||
| 650 |
_aMS Mechanical Engineering _9119495 |
||
| 700 |
_aSupervisor : Prof. Dr. Riaz Ahmed Mufti _9119679 |
||
| 856 | _uhttp://10.250.8.41:8080/xmlui/handle/123456789/34363 | ||
| 942 |
_2ddc _cTHE |
||
| 999 |
_c607335 _d607335 |
||